NBA Finals Rematches - Statistics

General Stats
  • This quiz has been taken 87 times
  • The average score is 14 of 24
Answer Stats
Answer % Correct
Boston Celtics
100%
Minneapolis/Los Angeles Lakers
100%
Minneapolis/Los Angeles Lakers
88%
Syracuse Nationals / Philadelphia 76ers
70%
San Antonio Spurs
66%
Chicago Bulls
64%
Miami Heat
64%
San Francisco/Golden State Warriors
64%
Boston Celtics
61%
Detroit Pistons
61%
Golden State Warriors
61%
Los Angeles Lakers
61%
Dallas Mavericks
60%
Miami Heat
60%
Cleveland Cavaliers
57%
Utah Jazz
57%
Minneapolis/Los Angeles Lakers
55%
Boston Celtics
52%
Boston Celtics
48%
New York Knicks
45%
Seattle SuperSonics
43%
Houston Rockets
37%
Washington Bullets
34%
St. Louis Hawks
10%
No matching quizzes found
Score Distribution
Percent of People with Each Score
Percentile by Number Answered
Your Score History
You have not taken this quiz